000 00207 a2200097 4500
001 3971
100 _aShahane,P
245 _aS/P in F.E & B.Sc mathematics
260 _a
_bEngg book
_c
090 _c3200
_d3200
942 _aNUST-CAE
_cM
_c24448
999 _c239044
_d239044